[Event "International Tournament"]
[Site "Thivon"]
[Date "2016.08.29"]
[Round "5.3"]
[White "Sirigos, Nikolaos"]
[Black "Kofidis, Andreas"]
[Result "0-1"]
[BlackElo "2406"]
[WhiteElo "2199"]
[LiveChessVersion "1.4.8"]

1. e4 {[%clk 1:30:46]} c5 {[%clk 1:30:41]} 2. Nf3 {[%clk 1:30:54]} d6
{[%clk 1:30:03]} 3. d4 {[%clk 1:31:05]} cxd4 {[%clk 1:30:28]} 4. Qxd4
{[%clk 1:31:21]} Nc6 {[%clk 1:29:23]} 5. Qe3 {[%clk 1:31:39]} Bg4
{[%clk 1:25:44]} 6. h3 {[%clk 1:21:44]} Bxf3 {[%clk 1:25:39]} 7. Qxf3
{[%clk 1:22:03]} Nf6 {[%clk 1:25:58]} 8. Nc3 {[%clk 1:17:17]} e6 {[%clk 1:26:19]}
9. Bf4 {[%clk 1:14:08]} a6 {[%clk 1:25:10]} 10. O-O-O {[%clk 1:12:05]} Qc7
{[%clk 1:25:32]} 11. g4 {[%clk 1:11:49]} Nd7 {[%clk 1:25:06]} 12. Qg3
{[%clk 1:08:36]} Nde5 {[%clk 1:24:08]} 13. Be3 {[%clk 1:03:05]} b5
{[%clk 1:09:36]} 14. f4 {[%clk 0:58:52]} Nc4 {[%clk 1:09:16]} 15. Bf2
{[%clk 0:55:33]} Be7 {[%clk 1:03:30]} 16. g5 {[%clk 0:54:56]} Rc8
{[%clk 1:03:17]} 17. Bxc4 {[%clk 0:51:07]} bxc4 {[%clk 1:03:34]} 18. Na4
{[%clk 0:50:10]} Qa5 {[%clk 0:58:53]} 19. Nb6 {[%clk 0:44:32]} Rb8
{[%clk 0:58:39]} 20. Qc3 {[%clk 0:34:17]} Qxc3 {[%clk 0:55:17]} 21. bxc3
{[%clk 0:34:40]} Na5 {[%clk 0:50:33]} 22. Kd2 {[%clk 0:33:13]} Bd8
{[%clk 0:45:23]} 23. Rb1 {[%clk 0:33:02]} Bxb6 {[%clk 0:44:48]} 24. Bxb6
{[%clk 0:32:37]} Nc6 {[%clk 0:45:01]} 25. Ba7 {[%clk 0:22:41]} Rc8
{[%clk 0:45:20]} 26. Rb7 {[%clk 0:21:41]} O-O {[%clk 0:45:29]} 27. Rhb1
{[%clk 0:20:12]} Ra8 {[%clk 0:36:44]} 28. Bb6 {[%clk 0:18:36]} d5
{[%clk 0:33:00]} 29. exd5 {[%clk 0:14:52]} exd5 {[%clk 0:33:22]} 30. Bc7
{[%clk 0:15:10]} Rfc8 {[%clk 0:23:40]} 31. R1b6 {[%clk 0:12:40]} Na5
{[%clk 0:20:35]} 32. Rb8 {[%clk 0:12:10]} Raxb8 {[%clk 0:21:00]} 33. Bxb8
{[%clk 0:12:10]} Rc6 {[%clk 0:21:20]} 34. Rb1 {[%clk 0:10:42]} f6
{[%clk 0:20:27]} 35. gxf6 {[%clk 0:10:27]} Rxf6 {[%clk 0:17:09]} 36. Be5
{[%clk 0:10:16]} Rh6 {[%clk 0:15:53]} 37. Rb8+ {[%clk 0:09:22]} Kf7
{[%clk 0:16:09]} 38. Rd8 {[%clk 0:09:04]} Nc6 {[%clk 0:15:33]} 39. Rd7+
{[%clk 0:07:56]} Ke6 {[%clk 0:15:45]} 40. Bxg7 {[%clk 0:20:43]} Rxh3
{[%clk 0:29:57]} 41. Rc7 {[%clk 0:16:42]} Ne7 {[%clk 0:14:43]} 42. Ra7
{[%clk 0:14:20]} h5 {[%clk 0:14:53]} 43. Rxa6+ {[%clk 0:12:32]} Kf5
{[%clk 0:15:04]} 44. Rf6+ {[%clk 0:12:33]} Kg4 {[%clk 0:15:25]} 45. a4
{[%clk 0:11:11]} Rh1 {[%clk 0:14:11]} 46. a5 {[%clk 0:08:13]} Ra1
{[%clk 0:14:26]} 47. a6 {[%clk 0:08:32]} h4 {[%clk 0:14:21]} 48. Rh6
{[%clk 0:07:19]} Nf5 {[%clk 0:14:08]} 49. Rg6+ {[%clk 0:07:28]} Kf3
{[%clk 0:13:39]} 50. Rg5 {[%clk 0:05:14]} 0-1

[Event "International Tournament"]
[Site "Thivon"]
[Date "2016.08.29"]
[Round "5.4"]
[White "Trimitzios, Petros"]
[Black "Kourkoulos-Arditis, Stamatis"]
[Result "0-1"]
[BlackElo "2369"]
[WhiteElo "2094"]
[LiveChessVersion "1.4.8"]

1. d4 {[%clk 1:30:52]} e6 {[%clk 1:30:55]} 2. c4 {[%clk 1:30:27]} Bb4+
{[%clk 1:31:21]} 3. Bd2 {[%clk 1:30:02]} a5 {[%clk 1:31:47]} 4. Nf3
{[%clk 1:29:29]} d6 {[%clk 1:32:04]} 5. g3 {[%clk 1:29:08]} Nc6 {[%clk 1:32:28]}
6. Bg2 {[%clk 1:28:50]} e5 {[%clk 1:32:47]} 7. d5 {[%clk 1:14:57]} Nce7
{[%clk 1:32:07]} 8. e4 {[%clk 1:07:24]} Nf6 {[%clk 1:31:10]} 9. a3
{[%clk 1:06:53]} Bxd2+ {[%clk 1:30:44]} 10. Nbxd2 {[%clk 1:06:39]} a4
{[%clk 1:30:09]} 11. O-O {[%clk 1:06:24]} O-O {[%clk 1:27:52]} 12. Qc2
{[%clk 1:04:34]} Nd7 {[%clk 1:26:03]} 13. Ne1 {[%clk 0:53:39]} Nc5
{[%clk 1:20:54]} 14. Nd3 {[%clk 0:45:50]} b6 {[%clk 1:18:57]} 15. Rae1
{[%clk 0:39:16]} f6 {[%clk 1:07:05]} 16. Qc3 {[%clk 0:31:43]} Qe8
{[%clk 0:56:49]} 17. f4 {[%clk 0:22:48]} Qh5 {[%clk 0:55:02]} 18. Nxc5
{[%clk 0:20:59]} bxc5 {[%clk 0:55:24]} 19. fxe5 {[%clk 0:21:25]} fxe5
{[%clk 0:55:49]} 20. Rxf8+ {[%clk 0:21:36]} Kxf8 {[%clk 0:56:13]} 21. Qf3+
{[%clk 0:21:51]} Qxf3 {[%clk 0:56:37]} 22. Bxf3 {[%clk 0:22:11]} c6
{[%clk 0:55:38]} 23. Kf2 {[%clk 0:20:31]} Ke8 {[%clk 0:54:17]} 24. Ke3
{[%clk 0:20:17]} Kd8 {[%clk 0:53:35]} 25. Kd3 {[%clk 0:19:33]} cxd5
{[%clk 0:52:31]} 26. cxd5 {[%clk 0:19:07]} Kc7 {[%clk 0:52:54]} 27. Kc3
{[%clk 0:19:15]} Ba6 {[%clk 0:52:50]} 28. Be2 {[%clk 0:18:58]} Bxe2
{[%clk 0:52:36]} 29. Rxe2 {[%clk 0:19:26]} Rf8 {[%clk 0:53:00]} 30. Kd3
{[%clk 0:19:17]} Ng8 {[%clk 0:47:24]} 31. Re3 {[%clk 0:15:21]} Nf6
{[%clk 0:46:30]} 32. Rf3 {[%clk 0:15:28]} Rb8 {[%clk 0:46:46]} 33. Kc3
{[%clk 0:15:34]} Nxe4+ {[%clk 0:47:09]} 34. Kc2 {[%clk 0:15:37]} Nf6
{[%clk 0:47:17]} 35. g4 {[%clk 0:10:31]} Rd8 {[%clk 0:47:21]} 36. Rd3
{[%clk 0:10:26]} Nxg4 {[%clk 0:46:12]} 37. Rg3 {[%clk 0:10:05]} Nf6
{[%clk 0:46:36]} 38. Rxg7+ {[%clk 0:09:19]} Rd7 {[%clk 0:47:02]} 39. Rg3
{[%clk 0:08:49]} Nxd5 {[%clk 0:47:23]} 40. Ne4 {[%clk 0:24:12]} Rf7
{[%clk 1:01:34]} 41. Rh3 {[%clk 0:24:19]} Kc6 {[%clk 0:58:27]} 42. Rh6
{[%clk 0:24:17]} Ne3+ {[%clk 0:58:49]} 43. Kd3 {[%clk 0:23:39]} Nf5
{[%clk 0:59:13]} 44. Rh5 {[%clk 0:21:53]} d5 {[%clk 0:55:03]} 45. Ng5
{[%clk 0:22:00]} Rg7 {[%clk 0:54:56]} 46. Ne6 {[%clk 0:16:59]} e4+
{[%clk 0:54:53]} 47. Kc3 {[%clk 0:16:40]} d4+ {[%clk 0:55:18]} 48. Kc2
{[%clk 0:17:01]} Ne3+ {[%clk 0:55:41]} 49. Kb1 {[%clk 0:17:14]} Rg1+
{[%clk 0:56:05]} 50. Ka2 {[%clk 0:17:42]} d3 {[%clk 0:56:11]} 0-1

[Event "International Tournament"]
[Site "Thivon"]
[Date "2016.08.29"]
[Round "5.5"]
[White "Drakoulakos, Grigorios"]
[Black "Hristodoulou, Panagiotis"]
[Result "1-0"]
[BlackElo "2283"]
[WhiteElo "2195"]
[LiveChessVersion "1.4.8"]

1. Nf3 {[%clk 1:30:57]} d5 {[%clk 1:22:59]} 2. c4 {[%clk 1:30:52]} e6
{[%clk 1:23:12]} 3. g3 {[%clk 1:30:47]} Nf6 {[%clk 1:23:36]} 4. Bg2
{[%clk 1:30:42]} Be7 {[%clk 1:23:57]} 5. O-O {[%clk 1:30:39]} O-O
{[%clk 1:24:18]} 6. d4 {[%clk 1:30:25]} c6 {[%clk 1:24:38]} 7. Qc2
{[%clk 1:29:56]} b6 {[%clk 1:24:54]} 8. b3 {[%clk 1:29:49]} Bb7 {[%clk 1:23:54]}
9. Rd1 {[%clk 1:27:41]} Nbd7 {[%clk 1:23:50]} 10. Nc3 {[%clk 1:27:41]} Ba6
{[%clk 1:23:41]} 11. e4 {[%clk 1:19:24]} dxc4 {[%clk 1:17:11]} 12. Bf4
{[%clk 1:19:22]} Qc8 {[%clk 1:10:31]} 13. Nd2 {[%clk 1:16:26]} b5
{[%clk 1:07:54]} 14. bxc4 {[%clk 1:13:21]} bxc4 {[%clk 1:07:45]} 15. Na4
{[%clk 1:07:22]} Nb6 {[%clk 0:46:13]} 16. Nxb6 {[%clk 0:59:27]} axb6
{[%clk 0:46:30]} 17. Nxc4 {[%clk 0:59:43]} Bxc4 {[%clk 0:45:05]} 18. Qxc4
{[%clk 1:00:04]} b5 {[%clk 0:45:00]} 19. Qe2 {[%clk 0:48:39]} Qd7
{[%clk 0:36:03]} 20. Rac1 {[%clk 0:45:41]} Ra7 {[%clk 0:26:27]} 21. Rc2
{[%clk 0:34:23]} Rd8 {[%clk 0:24:29]} 22. Bf3 {[%clk 0:32:47]} h6
{[%clk 0:20:21]} 23. Be5 {[%clk 0:24:55]} Ne8 {[%clk 0:14:14]} 24. d5
{[%clk 0:21:39]} cxd5 {[%clk 0:11:10]} 25. exd5 {[%clk 0:21:49]} exd5
{[%clk 0:11:21]} 26. Rxd5 {[%clk 0:17:46]} Nd6 {[%clk 0:05:13]} 27. Rcd2
{[%clk 0:10:23]} Qc7 {[%clk 0:05:32]} 28. Qd1 {[%clk 0:08:48]} Ra6
{[%clk 0:05:52]} 29. Be2 {[%clk 0:07:29]} Rc6 {[%clk 0:04:29]} 30. Kg2
{[%clk 0:07:27]} b4 {[%clk 0:03:07]} 31. Bf3 {[%clk 0:07:16]} Rb6
{[%clk 0:03:05]} 32. Qe2 {[%clk 0:07:06]} Rc6 {[%clk 0:02:03]} 33. R5d4
{[%clk 0:05:04]} Rb6 {[%clk 0:02:27]} 34. Rg4 {[%clk 0:05:05]} f6
{[%clk 0:01:40]} 35. Bf4 {[%clk 0:03:56]} Kf8 {[%clk 0:02:09]} 36. Bd5
{[%clk 0:03:28]} Qd7 {[%clk 0:02:06]} 37. Bxh6 {[%clk 0:03:17]} Nf5
{[%clk 0:01:52]} 38. Bf4 {[%clk 0:02:15]} g5 {[%clk 0:00:39]} 39. Bf3
{[%clk 0:00:52]} Qe6 {[%clk 0:00:42]} 40. Qxe6 {[%clk 0:15:38]} Rxe6
{[%clk 0:16:11]} 41. Rxd8+ {[%clk 0:15:45]} Bxd8 {[%clk 0:15:29]} 42. Bd2
{[%clk 0:13:57]} Ra6 {[%clk 0:14:58]} 43. Bxb4+ {[%clk 0:13:48]} Be7
{[%clk 0:15:27]} 44. Bd5 {[%clk 0:13:26]} Bxb4 {[%clk 0:14:33]} 45. Rxb4
{[%clk 0:13:48]} Ke7 {[%clk 0:14:47]} 46. Bb3 {[%clk 0:12:17]} Kd6
{[%clk 0:12:35]} 47. Re4 {[%clk 0:12:08]} Kd7 {[%clk 0:11:35]} 48. Bc4
{[%clk 0:10:01]} 1-0

[Event "International Tournament"]
[Site "Thivon"]
[Date "2016.08.29"]
[Round "5.6"]
[White "Kotronias, Vasilios"]
[Black "Grigoriadis, Alexandros"]
[Result "0-1"]
[BlackElo "2147"]
[WhiteElo "2541"]
[LiveChessVersion "1.4.8"]

1. e4 {[%clk 1:30:57]} c5 {[%clk 1:18:29]} 2. Nf3 {[%clk 1:31:21]} d6
{[%clk 1:18:54]} 3. d4 {[%clk 1:31:43]} cxd4 {[%clk 1:19:20]} 4. Nxd4
{[%clk 1:32:09]} Nf6 {[%clk 1:19:44]} 5. Nc3 {[%clk 1:32:35]} a6 {[%clk 1:20:11]}
6. h3 {[%clk 1:33:01]} g6 {[%clk 1:19:45]} 7. g4 {[%clk 1:32:31]} Bg7
{[%clk 1:19:57]} 8. Bg2 {[%clk 1:32:56]} O-O {[%clk 1:20:03]} 9. O-O
{[%clk 1:33:16]} Bd7 {[%clk 1:09:16]} 10. Nde2 {[%clk 1:31:51]} Nc6
{[%clk 1:09:03]} 11. Ng3 {[%clk 1:32:11]} b5 {[%clk 1:08:32]} 12. g5
{[%clk 1:30:08]} Ne8 {[%clk 1:04:52]} 13. f4 {[%clk 1:29:56]} Rc8
{[%clk 1:02:21]} 14. Nd5 {[%clk 1:25:39]} Nc7 {[%clk 0:52:38]} 15. c3
{[%clk 1:25:07]} Nxd5 {[%clk 0:51:43]} 16. exd5 {[%clk 1:25:30]} Na5
{[%clk 0:51:46]} 17. Kh2 {[%clk 1:23:59]} Nc4 {[%clk 0:49:05]} 18. Qe2
{[%clk 1:21:02]} e6 {[%clk 0:45:48]} 19. dxe6 {[%clk 1:21:15]} fxe6
{[%clk 0:45:53]} 20. Be4 {[%clk 1:17:01]} d5 {[%clk 0:45:26]} 21. Bc2
{[%clk 1:17:04]} Qc7 {[%clk 0:40:41]} 22. h4 {[%clk 1:16:15]} e5 {[%clk 0:22:58]}
23. f5 {[%clk 1:13:52]} gxf5 {[%clk 0:23:17]} 24. Bxf5 {[%clk 1:12:25]} Bxf5
{[%clk 0:22:15]} 25. Nxf5 {[%clk 1:12:47]} e4+ {[%clk 0:21:15]} 26. Kg2
{[%clk 1:05:07]} Qe5 {[%clk 0:18:53]} 27. Qg4 {[%clk 1:04:31]} e3
{[%clk 0:17:16]} 28. b3 {[%clk 0:58:17]} e2 {[%clk 0:11:47]} 29. Nh6+
{[%clk 0:58:40]} Kh8 {[%clk 0:08:35]} 30. Nf7+ {[%clk 0:58:29]} Kg8
{[%clk 0:08:35]} 31. Re1 {[%clk 0:53:45]} Qxc3 {[%clk 0:06:10]} 32. Bf4
{[%clk 0:49:55]} Rce8 {[%clk 0:03:02]} 33. Nh6+ {[%clk 0:45:53]} Kh8
{[%clk 0:02:45]} 34. bxc4 {[%clk 0:46:15]} Re4 {[%clk 0:02:10]} 35. Nf5
{[%clk 0:09:27]} Qxa1 {[%clk 0:02:08]} 36. Rxa1 {[%clk 0:09:49]} Bxa1
{[%clk 0:02:33]} 37. g6 {[%clk 0:09:42]} hxg6 {[%clk 0:02:50]} 38. Qg5
{[%clk 0:07:35]} gxf5 {[%clk 0:03:01]} 39. Qh6+ {[%clk 0:06:54]} Kg8
{[%clk 0:03:18]} 40. Bd2 {[%clk 0:21:28]} Bg7 {[%clk 0:18:07]} 41. Qxa6
{[%clk 0:21:32]} bxc4 {[%clk 0:15:12]} 42. Be1 {[%clk 0:21:06]} c3
{[%clk 0:14:36]} 43. Qc6 {[%clk 0:20:54]} d4 {[%clk 0:14:37]} 44. h5
{[%clk 0:18:20]} Kh7 {[%clk 0:11:19]} 45. Qc4 {[%clk 0:15:09]} Be5
{[%clk 0:08:53]} 46. a4 {[%clk 0:13:18]} Re3 {[%clk 0:06:42]} 0-1

[Event "International Tournament"]
[Site "Thivon"]
[Date "2016.08.29"]
[Round "5.7"]
[White "Pavlidis, Anastasios"]
[Black "Makka, Ioulia"]
[Result "1-0"]
[BlackElo "2138"]
[WhiteElo "2377"]
[LiveChessVersion "1.4.8"]

1. e4 {[%clk 1:30:53]} c6 {[%clk 1:25:52]} 2. Nc3 {[%clk 1:30:18]} d5
{[%clk 1:26:14]} 3. Nf3 {[%clk 1:30:32]} Bg4 {[%clk 1:26:31]} 4. h3
{[%clk 1:30:05]} Bxf3 {[%clk 1:26:59]} 5. Qxf3 {[%clk 1:30:21]} Nf6
{[%clk 1:27:27]} 6. d3 {[%clk 1:29:13]} e6 {[%clk 1:27:48]} 7. g4
{[%clk 1:25:47]} Bb4 {[%clk 1:24:40]} 8. Bd2 {[%clk 1:25:34]} h6 {[%clk 1:17:33]}
9. a3 {[%clk 1:22:48]} Ba5 {[%clk 1:17:20]} 10. O-O-O {[%clk 1:21:04]} d4
{[%clk 1:16:31]} 11. Ne2 {[%clk 1:18:57]} Bxd2+ {[%clk 1:14:02]} 12. Rxd2
{[%clk 1:18:55]} e5 {[%clk 1:08:56]} 13. h4 {[%clk 1:13:42]} Na6 {[%clk 1:06:49]}
14. g5 {[%clk 1:13:08]} Nd7 {[%clk 1:06:05]} 15. Bh3 {[%clk 1:05:11]} Nac5
{[%clk 1:00:48]} 16. Qg3 {[%clk 1:03:00]} h5 {[%clk 0:45:18]} 17. f4
{[%clk 1:01:15]} Na4 {[%clk 0:22:19]} 18. fxe5 {[%clk 0:59:46]} Qb6
{[%clk 0:21:29]} 19. Bxd7+ {[%clk 0:49:44]} Kxd7 {[%clk 0:21:49]} 20. b3
{[%clk 0:49:08]} Nc3 {[%clk 0:21:42]} 21. Qf2 {[%clk 0:48:51]} Nxe2+
{[%clk 0:20:10]} 22. Rxe2 {[%clk 0:49:14]} Rhf8 {[%clk 0:20:13]} 23. Qf5+
{[%clk 0:49:27]} Kc7 {[%clk 0:19:27]} 24. e6 {[%clk 0:49:35]} fxe6
{[%clk 0:18:41]} 25. Qe5+ {[%clk 0:49:56]} Kd7 {[%clk 0:16:26]} 26. Qxg7+
{[%clk 0:50:20]} Ke8 {[%clk 0:15:56]} 27. Qe5 {[%clk 0:49:36]} c5
{[%clk 0:13:32]} 28. g6 {[%clk 0:49:42]} Ke7 {[%clk 0:12:24]} 29. g7
{[%clk 0:49:12]} Rg8 {[%clk 0:12:14]} 30. Rf1 {[%clk 0:49:01]} Rae8
{[%clk 0:12:00]} 31. Ref2 {[%clk 0:48:06]} Kd8 {[%clk 0:11:01]} 32. Rf7
{[%clk 0:47:09]} Kc8 {[%clk 0:11:21]} 33. Rf8 {[%clk 0:44:43]} Kd7
{[%clk 0:01:25]} 34. R1f7+ {[%clk 0:44:48]} Kc6 {[%clk 0:01:26]} 35. Rxg8
{[%clk 0:44:42]} Rxg8 {[%clk 0:01:19]} 36. Qxe6+ {[%clk 0:43:29]} Kb5
{[%clk 0:01:45]} 37. Qc4+ {[%clk 0:43:50]} Ka5 {[%clk 0:02:01]} 38. Qa4# 1-0

[Event "International Tournament"]
[Site "Thivon"]
[Date "2016.08.29"]
[Round "5.8"]
[White "Katopodis, Dimitrios"]
[Black "Megalios, Konstantinos"]
[Result "1/2-1/2"]
[BlackElo "2293"]
[WhiteElo "2126"]
[LiveChessVersion "1.4.8"]

1. d4 {[%clk 1:30:53]} Nf6 {[%clk 1:30:34]} 2. Nf3 {[%clk 1:31:05]} e6
{[%clk 1:30:57]} 3. c4 {[%clk 1:31:21]} c5 {[%clk 1:31:20]} 4. d5
{[%clk 1:31:29]} d6 {[%clk 1:31:44]} 5. Nc3 {[%clk 1:31:37]} exd5
{[%clk 1:32:01]} 6. cxd5 {[%clk 1:31:49]} g6 {[%clk 1:32:16]} 7. Bf4
{[%clk 1:32:07]} a6 {[%clk 1:29:34]} 8. a4 {[%clk 1:32:26]} Nh5 {[%clk 1:29:03]}
9. Bg5 {[%clk 1:31:54]} f6 {[%clk 1:28:48]} 10. Bd2 {[%clk 1:29:00]} Bg7
{[%clk 1:28:02]} 11. e4 {[%clk 1:25:25]} O-O {[%clk 1:28:23]} 12. Be2
{[%clk 1:20:54]} f5 {[%clk 1:27:29]} 13. exf5 {[%clk 1:16:08]} Bxf5
{[%clk 1:26:30]} 14. O-O {[%clk 1:12:56]} Nf6 {[%clk 1:25:35]} 15. Qb3
{[%clk 1:08:47]} Nbd7 {[%clk 1:11:26]} 16. Ng5 {[%clk 1:05:01]} Ne5
{[%clk 1:08:00]} 17. f4 {[%clk 0:59:00]} c4 {[%clk 1:03:19]} 18. Qxb7
{[%clk 0:56:00]} Rb8 {[%clk 0:40:11]} 19. Qxa6 {[%clk 0:50:06]} Rxb2
{[%clk 0:40:38]} 20. fxe5 {[%clk 0:46:31]} Rxd2 {[%clk 0:41:04]} 21. Ne6
{[%clk 0:25:16]} Bxe6 {[%clk 0:30:40]} 22. dxe6 dxe5 23. Qxc4 Qd4+ 24. Kh1 Re8
25. a5 e4 1/2-1/2

[Event "International Tournament"]
[Site "Thivon"]
[Date "2016.08.29"]
[Round "5.9"]
[White "Gazis, Efstathios"]
[Black "Sandalakis, Nikolaos"]
[Result "0-1"]
[BlackElo "2099"]
[WhiteElo "2286"]
[LiveChessVersion "1.4.8"]

1. e4 {[%clk 1:25:22]} c5 {[%clk 1:30:59]} 2. Nf3 {[%clk 1:25:29]} Nc6
{[%clk 1:31:18]} 3. d4 {[%clk 1:24:51]} cxd4 {[%clk 1:31:44]} 4. Nxd4
{[%clk 1:25:14]} Nf6 {[%clk 1:32:10]} 5. Nc3 {[%clk 1:25:38]} d6 {[%clk 1:32:31]}
6. Bg5 {[%clk 1:25:17]} g6 {[%clk 1:32:55]} 7. Be2 {[%clk 1:24:32]} Bg7
{[%clk 1:33:07]} 8. Nb3 {[%clk 1:24:55]} Be6 {[%clk 1:28:43]} 9. O-O
{[%clk 1:25:18]} O-O {[%clk 1:26:36]} 10. f4 {[%clk 1:21:12]} Qb6+
{[%clk 1:14:28]} 11. Kh1 {[%clk 1:15:29]} Rfc8 {[%clk 1:13:18]} 12. f5
{[%clk 1:00:22]} Bxb3 {[%clk 1:13:17]} 13. axb3 {[%clk 1:00:43]} Qd4
{[%clk 1:04:35]} 14. Bd3 {[%clk 0:57:57]} Ne5 {[%clk 0:50:34]} 15. Ra4
{[%clk 0:53:48]} Qc5 {[%clk 0:49:29]} 16. Qd2 {[%clk 0:47:37]} Nxd3
{[%clk 0:36:00]} 17. Qxd3 {[%clk 0:46:33]} b5 {[%clk 0:24:30]} 18. Ra5
{[%clk 0:36:11]} a6 {[%clk 0:18:41]} 19. Bxf6 {[%clk 0:35:24]} Bxf6
{[%clk 0:18:31]} 20. Nd5 {[%clk 0:34:50]} Qxc2 {[%clk 0:16:53]} 21. Qf3
{[%clk 0:30:09]} Qxb2 {[%clk 0:15:50]} 22. fxg6 {[%clk 0:30:04]} hxg6
{[%clk 0:15:19]} 23. e5 {[%clk 0:17:34]} Qxe5 {[%clk 0:12:56]} 24. Nb6
{[%clk 0:15:33]} Qc3 {[%clk 0:10:47]} 25. Nxc8 {[%clk 0:13:32]} Rxc8
{[%clk 0:10:07]} 26. Rxa6 {[%clk 0:13:00]} Qxf3 {[%clk 0:10:26]} 27. gxf3
{[%clk 0:13:21]} Rc3 {[%clk 0:10:43]} 28. Rb1 {[%clk 0:10:07]} Rxf3
{[%clk 0:10:57]} 29. Rb6 {[%clk 0:10:18]} Rf5 {[%clk 0:11:00]} 30. Rc1
{[%clk 0:10:33]} Kg7 {[%clk 0:05:58]} 31. Rc7 {[%clk 0:08:44]} Bd4
{[%clk 0:04:24]} 32. Rb8 {[%clk 0:08:27]} Rg5 {[%clk 0:01:18]} 33. h3
{[%clk 0:07:40]} Re5 {[%clk 0:00:57]} 34. Rcb7 {[%clk 0:07:48]} f5
{[%clk 0:00:44]} 35. Rxb5 {[%clk 0:07:19]} Re1+ {[%clk 0:00:59]} 36. Kg2
{[%clk 0:07:38]} Re2+ {[%clk 0:00:55]} 37. Kh1 {[%clk 0:06:46]} f4
{[%clk 0:00:40]} 38. Rd5 {[%clk 0:06:18]} Be3 {[%clk 0:00:36]} 39. Rd1
{[%clk 0:05:43]} f3 {[%clk 0:00:33]} 40. Rf1 {[%clk 0:19:13]} f2 {[%clk 0:15:43]}
41. b4 {[%clk 0:18:54]} Rb2 {[%clk 0:10:17]} 42. Kg2 {[%clk 0:16:48]} Kf7
{[%clk 0:06:55]} 43. Kf3 {[%clk 0:14:41]} Bd4 {[%clk 0:06:13]} 44. Ke4
{[%clk 0:13:10]} e5 {[%clk 0:04:18]} 45. Kd5 {[%clk 0:12:46]} Re2
{[%clk 0:03:41]} 46. Rc8 {[%clk 0:12:53]} Be3 {[%clk 0:03:22]} 47. Ra8
{[%clk 0:10:21]} Bd4 {[%clk 0:03:49]} 48. Rc8 {[%clk 0:10:34]} Be3
{[%clk 0:04:16]} 49. Ra8 {[%clk 0:09:12]} Rd2+ {[%clk 0:04:40]} 50. Ke4
{[%clk 0:08:11]} Bb6 {[%clk 0:05:00]} 51. Ra6 {[%clk 0:06:57]} Rd4+
{[%clk 0:05:14]} 52. Kf3 {[%clk 0:06:23]} Rxb4 {[%clk 0:05:35]} 53. Ra8
{[%clk 0:06:06]} Rb3+ {[%clk 0:04:45]} 54. Ke4 {[%clk 0:05:43]} Rxh3
{[%clk 0:04:37]} 55. Kd5 {[%clk 0:05:14]} Rd3+ {[%clk 0:04:26]} 56. Ke4
{[%clk 0:05:18]} Re3+ {[%clk 0:04:41]} 57. Kd5 {[%clk 0:05:40]} Re1
{[%clk 0:04:18]} 58. Ra1 {[%clk 0:05:42]} Rxf1 {[%clk 0:04:37]} 59. Rxf1
{[%clk 0:06:03]} Bc5 {[%clk 0:04:59]} 60. Ra1 {[%clk 0:06:03]} Kf6
{[%clk 0:04:52]} 61. Ra8 {[%clk 0:05:53]} Kf5 {[%clk 0:05:00]} 62. Rg8
{[%clk 0:04:53]} Kf4 {[%clk 0:04:45]} 63. Rxg6 {[%clk 0:05:13]} Kf3
{[%clk 0:04:59]} 0-1

[Event "International Tournament"]
[Site "Thivon"]
[Date "2016.08.29"]
[Round "5.10"]
[White "Michelakos, Panagiotis"]
[Black "Gkikas, Hristos"]
[Result "1/2-1/2"]
[BlackElo "2055"]
[WhiteElo "2242"]
[LiveChessVersion "1.4.8"]

1. Nf3 {[%clk 1:30:57]} c5 {[%clk 1:28:51]} 2. e4 {[%clk 1:28:30]} e6
{[%clk 1:27:07]} 3. d4 {[%clk 1:28:00]} d5 {[%clk 1:26:32]} 4. exd5
{[%clk 1:23:36]} exd5 {[%clk 1:25:42]} 5. Bb5+ {[%clk 1:22:20]} Bd7
{[%clk 1:18:54]} 6. Bxd7+ {[%clk 1:21:42]} Nxd7 {[%clk 1:18:56]} 7. O-O
{[%clk 1:18:31]} Ngf6 {[%clk 1:07:42]} 8. Re1+ {[%clk 0:59:05]} Be7
{[%clk 1:02:07]} 9. Qe2 {[%clk 0:59:06]} Rc8 {[%clk 0:53:09]} 10. Nc3
{[%clk 0:40:32]} a6 {[%clk 0:41:21]} 11. Bf4 {[%clk 0:24:38]} Rc6
{[%clk 0:35:27]} 12. dxc5 {[%clk 0:19:34]} Re6 {[%clk 0:34:16]} 13. Qd2
{[%clk 0:16:58]} Nxc5 {[%clk 0:33:37]} 14. Nd4 {[%clk 0:17:06]} Rxe1+
{[%clk 0:32:22]} 15. Rxe1 {[%clk 0:17:35]} Nce4 {[%clk 0:28:44]} 16. Qd3
{[%clk 0:10:52]} O-O {[%clk 0:27:10]} 17. f3 {[%clk 0:11:08]} Bc5
{[%clk 0:22:14]} 18. Nce2 {[%clk 0:08:49]} Nd6 {[%clk 0:21:38]} 19. Bg5
{[%clk 0:06:17]} Re8 {[%clk 0:18:00]} 20. b3 {[%clk 0:04:33]} Nb5
{[%clk 0:13:07]} 21. Kf1 {[%clk 0:01:35]} Nxd4 {[%clk 0:05:08]} 22. Nxd4
{[%clk 0:01:56]} Rxe1+ {[%clk 0:05:21]} 23. Kxe1 {[%clk 0:02:25]} Qa5+
{[%clk 0:05:23]} 24. Ke2 {[%clk 0:01:09]} Bxd4 {[%clk 0:04:04]} 25. Qxd4
{[%clk 0:01:37]} Qxa2 {[%clk 0:04:20]} 26. Qc5 {[%clk 0:01:22]} h6
{[%clk 0:04:07]} 27. Bxf6 {[%clk 0:01:09]} gxf6 {[%clk 0:04:32]} 28. Kd2
{[%clk 0:01:08]} Qa1 {[%clk 0:03:25]} 29. Qxd5 {[%clk 0:01:13]} b5
{[%clk 0:03:16]} 30. f4 {[%clk 0:00:59]} Qg1 {[%clk 0:02:23]} 31. h3
{[%clk 0:01:23]} Qf2+ {[%clk 0:02:41]} 32. Kc3 {[%clk 0:00:46]} Qxf4
{[%clk 0:02:02]} 33. Qa8+ {[%clk 0:01:11]} Kg7 {[%clk 0:02:21]} 34. Qxa6
{[%clk 0:01:11]} Qg3+ {[%clk 0:02:41]} 35. Kb4 {[%clk 0:00:33]} Qxg2
{[%clk 0:03:01]} 36. Qc8 {[%clk 0:00:40]} Qd5 {[%clk 0:02:07]} 37. c4
{[%clk 0:00:41]} bxc4 {[%clk 0:02:24]} 38. bxc4 {[%clk 0:01:10]} Qd2+
{[%clk 0:02:32]} 39. Kb5 {[%clk 0:01:22]} Qb2+ {[%clk 0:02:45]} 40. Kc6
{[%clk 0:16:01]} Qg2+ {[%clk 0:17:08]} 41. Kb6 {[%clk 0:15:37]} Qb2+
{[%clk 0:16:44]} 42. Kc6 {[%clk 0:08:56]} Qg2+ {[%clk 0:11:27]} 43. Kb6
{[%clk 0:06:29]} Qb2+ {[%clk 0:11:39]} 44. Kc6 {[%clk 0:06:33]} 1/2-1/2